Arabic Speaking Cities - Sudden Death - Statistics

General Stats
  • This quiz has been taken 218 times
    156 since last reset
  • The average score is 16 of 27
Answers on the Grid
Answers color-coded by a green-red scale on the quiz's grid according to % correct below.
Cairo
Istanbul
Medina
Dubai
Casablanca
Alexandria
Nicosia
Jakarta
Algiers
Gaza
Lahore
Nouakchott
Tunis
Ouagadougou
Mecca
Khartoum
Ashgabat
Niamey
Baghdad
Tashkent
Basra
Baku
Sfax
Muscat
Oran
Samarkand
Kabul
Riyadh
Constantine
Tehran
Kuwait City
Rabat
Beirut
Abu Dhabi
Mogadishu
Asmara
Aleppo
Diyarbakir
Faisalabad
Manama
Damascus
Kandahar
Karachi
Isfahan
Doha
Mashhad
Tel Aviv
Tripoli
 
Answer Stats
Answer % Correct
Cairo
97%
Dubai
86%
Gaza
82%
Tunis
80%
Mecca
77%
Alexandria
76%
Algiers
75%
Medina
75%
Baghdad
71%
Casablanca
70%
Khartoum
69%
Riyadh
66%
Kuwait City
65%
Muscat
62%
Abu Dhabi
61%
Beirut
55%
Rabat
55%
Basra
46%
Aleppo
45%
Doha
45%
Tripoli
45%
Nouakchott
43%
Damascus
42%
Oran
42%
Manama
40%
Sfax
37%
Constantine
27%
No matching quizzes found
Score Distribution
Percent of People with Each Score
Percentile by Number Answered
Your Score History
You have not taken this quiz since the last reset